Japanese and the Japanese : Words in culture
Enregistré dans:
| Auteur principal: | |
|---|---|
| Format: | Livre |
| Langue: | Undetermined |
| Publié: |
Tokyo
Kodansha International
1978
|
| Sujets: | |
| Tags: |
Ajouter un tag
Pas de tags, Soyez le premier à ajouter un tag!
|
| Thư viện lưu trữ: | Trung tâm Học liệu Trường Đại học Cần Thơ |
|---|
| LEADER | 00583nam a2200205Ia 4500 | ||
|---|---|---|---|
| 001 | CTU_112279 | ||
| 008 | 210402s9999 xx 000 0 und d | ||
| 082 | |a 301.21 | ||
| 082 | |b S968 | ||
| 100 | |a Suzuki, Takao | ||
| 245 | 0 | |a Japanese and the Japanese : | |
| 245 | 0 | |b Words in culture | |
| 245 | 0 | |c Takao Suzuki; translated by Akira Miura | |
| 260 | |a Tokyo | ||
| 260 | |b Kodansha International | ||
| 260 | |c 1978 | ||
| 650 | |a Language and culture,Japanese language | ||
| 650 | |x Social aspects | ||
| 904 | |i M.Loan | ||
| 980 | |a Trung tâm Học liệu Trường Đại học Cần Thơ | ||